Relatorio ácerca da arborisaçao geral do paiz apresentando a sus excellencia o ministro das obras publicas, commercio e industria em resposta aosquesitos do artigo 1º do Decreto de 21 de setembro de 1867 / (Record no. 19995)
[ view plain ]
| 000 -LEADER | |
|---|---|
| campo de control de longitud fija | 00963nam a2200217 i 4500 |
| 001 - NÚMERO DE CONTROL | |
| campo de control | 19995 |
| 003 - IDENTIFICADOR DE NÚMERO DE CONTROL | |
| campo de control | ES-MaACL |
| 005 - FECHA Y HORA DE LA ÚLTIMA TRANSACCIÓN | |
| campo de control | 20250803111243.0 |
| 007 - CAMPO FIJO DE DESCRIPCIÓN FÍSICA--INFORMACIÓN GENERAL | |
| campo de control de longitud fija | t| |
| 008 - DATOS DE LONGITUD FIJA--INFORMACIÓN GENERAL | |
| campo de control de longitud fija | 021106s1868 po b |||| | por d |
| 100 1# - ENTRADA PRINCIPAL--NOMBRE DE PERSONA | |
| Nombre de persona | Ribeiro, Carlos. |
| 9 (RLIN) | 96751 |
| 245 10 - MENCIÓN DEL TÍTULO | |
| Título | Relatorio ácerca da arborisaçao geral do paiz apresentando a sus excellencia o ministro das obras publicas, commercio e industria em resposta aosquesitos do artigo 1º do Decreto de 21 de setembro de 1867 / |
| Mención de responsabilidad, etc. | [Carlos Ribeiro, Joaquim Filippe Nery da Encarnaçao Delgado]. |
| 260 ## - PUBLICACIÓN, DISTRIBUCIÓN, ETC. | |
| Lugar de publicación, distribución, etc. | Lisboa : |
| Nombre del editor, distribuidor, etc. | [s.n.], |
| Fecha de publicación, distribución, etc. | 1868 ( |
| Fabricante | Typ. da Academia Real das Sciencias) |
| 300 ## - DESCRIPCIÓN FÍSICA | |
| Extensión | 317 p., [2] h. de mapas pleg. ; |
| Dimensiones | 23 cm. |
| 500 ## - NOTA GENERAL | |
| Nota general | Los nombres de los autores constan en p. 2. |
| 650 #4 - PUNTO DE ACCESO ADICIONAL DE MATERIA--TÉRMINO DE MATERIA | |
| Término de materia o nombre geográfico como elemento de entrada | Repoblación forestal- |
| Subdivisión geográfica | Portugal. |
| 9 (RLIN) | 167305 |
| 700 1# - ENTRADA AGREGADA--NOMBRE PERSONAL | |
| Nombre de persona | Delgado, Joaquim Filipe Nery, |
| Fechas asociadas al nombre | 1835-1908 |
| 9 (RLIN) | 43410 |
| 710 2# - ENTRADA AGREGADA--NOMBRE DE ENTIDAD CORPORATIVA | |
| Nombre de entidad corporativa o nombre de jurisdicción como elemento de entrada | Academia das Ciências de Lisboa. |
| 9 (RLIN) | 1159 |
| 852 ## - LOCALIZACIÓN | |
| Ubicación | ES-MaACL |
| Número de control de estantería | C-2847 |
| Estatus retirado | Estado de pérdida | Estado de daño | No para préstamo | Colección | Biblioteca de origen | Biblioteca actual | Ubicación en estantería | Fecha de adquisición | Fuente de adquisición | Total de préstamos | Signatura topográfica completa | Código de barras | Visto por última vez | Precio de reemplazo | Tipo de ítem Koha |
|---|---|---|---|---|---|---|---|---|---|---|---|---|---|---|---|
| Libros del s. XIX | Biblioteca del Ateneo de Madrid | Biblioteca del Ateneo de Madrid | Sala Palomar | 17/01/2008 | C-2847 | 1020482 | 23/02/2023 | 23/02/2023 | Libro impreso antiguo |
